000 00975nam a2200301 a 4500
001 000111662
003 CHAP
005 20220329144224.0
008 150624s2015 mx a fsm |||||||spa d
010 _a108123
011 _a109095
040 _cCHAP
090 _aTesis
100 1 _aMontejo Gomez, Jacob
_977774
245 1 0 _aPropagación vegetativa de guanábano
_h[En línea]
_cpor Jacob Montejo Gomez.
260 _aChapingo, Méx. :
_bEl autor,
_c2015.
500 _aPara ver el contenido del material haga clic en la liga
502 _aTesis (M. C. en Horticultura) -- UACH. Departamento de Fitotecnia
590 _aE6096MTM
_b05
_c20150624
_lUCH01
_h1325
590 _aE6096MTM
_b05
_c20150624
_lUCH01
_h1402
650 1 4 _aAcodo.
_9622
650 1 4 _aGuanábana.
_950993
650 1 4 _aPropagación de árboles frutales.
_992415
856 _aFinding aid
_uhttp://10.13.5.2/tesis/sist111662.pdf
_zTeclea aquí
901 _aBK
942 _cTESIS
942 _n0
999 _c108123
_d108123